000 00908cam a22003017a 4500
003 CHAP
005 20220329140117.0
008 971013s1963 r 00010 d
010 _a47123
011 _a48095
035 _a52240
040 _cCHAP
082 _a330
_bS35Y 1961
100 0 0 _aSamuelson, Paul Anthony.
_9101944
245 0 _aCurso de economía moderna
260 _aMadrid :
_bAguilar,
_c1963
300 _a897 p.
500 _aTrad. de la 4 ed. en inglés de 1958.
590 _aBATCH-UPD
_b10
_c20130109
_lUCH01
_h2342
590 _aBATCH-UPD
_b10
_c20130110
_lUCH01
_h1838
590 _aBATCH-UPD
_b10
_c20130410
_lUCH01
_h1209
590 _aBATCH-UPD
_b10
_c20130914
_lUCH01
_h1231
590 _aCONVERSION
_b10
_c20130109
_lUCH01
_h1326
650 1 4 _aEconomía.
_935226
901 _aBK
942 _cLIBRO
949 _a330 S35Y 1961
_bBC
_cLIBRO
_d33724000313862
_eLIBRO
_fc.2
_h4707
_i52240
_st
999 _c47123
_d47123